000 00447nam a22001817a 4500
005 20230111104321.0
008 221219b |||||||| |||| 00| 0 eng d
020 _a978-93-85274-31-2
041 _aeng
082 _a611 DAT-P
100 _aDATTA, A. K.
_91654
245 _aPRINCIPLES OF GENERAL ANATOMY
250 _a8th ed.
260 _aKOLKATA
_bCURRENT BOOKS INTERNATIONAL
300 _a290;P.
650 _aBPT
_96963
942 _cBK
999 _c8103
_d8101